Физические основы механики: учебное пособие

Bibliografiske detaljer
Hovedforfatter: Хайкин С. Э. Семен Эммануилович
Summary:Парал. загл.: Physical foundations of mechanics.
В книге, наряду с обычно рассматриваемыми вопросами механики, особое внимание уделено движению заряженных частиц в электрическом и магнитном полях. Это позволило не только расширить круг физических явлений, которые привлекаются для иллюстрации задач механики, но и органически ввести в механику изложение основ специальной теории относительности. Учебное пособие рассчитано на студентов физико-математических факультетов университетов, а также инженерно-физических и физико-технических факультетов вузов. Оно будет полезно преподавателям физики в вузах и физикам различных специальностей.
Sprog:russisk
Udgivet: СПб., Лань, 2008
Udgivelse:3-е изд., стер.
Serier:Классическая учебная литература по физике
Лучшие классические учебники
Учебники для вузов. Специальная литература
Fag:
Format: MixedMaterials Bog
KOHA link:https://koha.lib.tpu.ru/cgi-bin/koha/opac-detail.pl?biblionumber=155855

MARC

LEADER 00000nam0a2200000 4500
001 155855
005 20231101221851.0
010 |a 9785811408955  |b (в пер.)  |b 1500 экз. 
021 |a RU  |b 08-105473  |9 08-6223 
035 |a (RuTPU)RU\TPU\book\169039 
090 |a 155855 
100 |a 20090224d2008 m y0rusy5002 ca 
101 0 |a rus 
102 |a RU 
105 |a a j 001zy 
200 1 |a Физические основы механики  |e учебное пособие  |d Physical foundations of mechanics  |f С. Э. Хайкин 
205 |a 3-е изд., стер. 
210 |a СПб.  |c Лань  |d 2008 
215 |a 754 с.  |c ил.  |d 21 см. 
225 1 |a Классическая учебная литература по физике 
225 1 |a Лучшие классические учебники 
225 1 |a Учебники для вузов. Специальная литература 
300 |a Парал. загл.: Physical foundations of mechanics. 
320 |a Предм. указ.: с. 747-751. 
330 |a В книге, наряду с обычно рассматриваемыми вопросами механики, особое внимание уделено движению заряженных частиц в электрическом и магнитном полях. Это позволило не только расширить круг физических явлений, которые привлекаются для иллюстрации задач механики, но и органически ввести в механику изложение основ специальной теории относительности. Учебное пособие рассчитано на студентов физико-математических факультетов университетов, а также инженерно-физических и физико-технических факультетов вузов. Оно будет полезно преподавателям физики в вузах и физикам различных специальностей. 
451 1 |0 (RuTPU)RU\TPU\book\40321  |t Физические основы механики  |f С. Э. Хайкин  |e 2-е изд., испр. и доп.  |c М.  |n Наука  |d 1971  |p 751 с.  |a Хайкин, Семен Эммануилович 
510 1 |a Physical foundations of mechanics 
606 1 |a Механика  |2 stltpush  |3 (RuTPU)RU\TPU\subj\67812  |9 83462 
610 1 |a физические основы 
610 1 |a учебные пособия 
610 1 |a кинематика 
610 1 |a законы Ньютона 
610 1 |a работа 
610 1 |a энергия 
610 1 |a движение 
610 1 |a упругие силы 
610 1 |a тяготение 
610 1 |a трение 
610 1 |a электрическое поле 
610 1 |a магнитное поле 
610 1 |a специальная теория относительности 
610 1 |a момент импульса 
610 1 |a всемирное тяготение 
610 1 |a твердые тела 
610 1 |a гидростатика 
610 1 |a аэростатика 
610 1 |a гидродинамика 
610 1 |a аэродинамика 
610 1 |a механические системы 
610 1 |a колебания 
610 1 |a волны 
610 1 |a акустика 
675 |a 531(075.8)  |v 3  |z rus 
700 1 |a Хайкин  |b С. Э.  |g Семен Эммануилович  |4 070 
801 1 |a RU  |b 63413507  |c 20090319  |g PSBO 
801 2 |a RU  |b 63413507  |c 20150515  |g PSBO 
900 |a Механика 
942 |c BK 
959 |a 37/20090319  |d 2  |e 489,94  |f АНЛ:1  |f ЧЗТЛ:1